| 000 | 00000nam##2200000za#4500 |
| 001 | 9.640053 |
| 003 | CaOODSP |
| 005 | 20210624222501 |
| 007 | cr ||||||||||| |
| 008 | 150407|2001||||xxc|||||o f|0| 0 fre|d |
| 040 | |aCaOODSP|bfre |
| 043 | |an-cn--- |
| 086 | 1 |aFA3-27/2001F-PDF |
| 110 | 1 |aCanada. |bBureau du vérificateur général. |
| 245 | 13|aLa réforme de la gestion de la fonction publique : |h[ressource électronique]|bprogrès, éches et défis |
| 260 | |aOttawa - Ontario : |bBureau du vérificateur général du Canada |cFévrier 2001. |
| 300 | |a122p. |
| 500 | |aLe n° de catalogue (FA3-27/2001) et l'ISBN (0-662-65472-2) de l'édition imprimée bilingue ont été incorrectement copiés dans l'édition électronique. |
| 504 | |aBibliographie. |
| 590 | |a12-14-Supp|b2012-04-10 |
| 691 | 07|aAdministration publique|2gcpds |
| 691 | 07|aFonction publique|2gcpds |
| 775 | 08|tPublic service management reform : |w(CaOODSP)9.695933 |
| 776 | 0#|tPublic Service management reform : |w(CaOODSP)9.662495 |
| 776 | 0#|tLa réforme de la gestion de la fonction publique : |w(CaOODSP)9.662496 |
| 856 | 40|ahttp://publications.gc.ca|qPDF|s492 Ko|uhttps://publications.gc.ca/collections/Collection/FA3-27-2001F.pdf |